• 首页
  • 本馆介绍
  • 公告通知
  • 最新文献
  • 馆藏检索
  • 电子资源
  • 读者导购
  • 参考咨询
  • 我的图书馆
  • 登录
  • 详细信息显示
  • 放入我的书架
  • 预约/预借图书
  • 作者相关作品
  • 分类相关作品
  • 丛书相关作品
  • 出版社相关作品

书目信息

  • 表格格式
  • 工作单格式
  • 卡片格式
题名:
西班牙语口语速成班
    
 
作者: 刘锐 主编
分册:  
出版信息: 哈尔滨   哈尔滨工业大学出版社  2013
页数: 159页
开本: 21cm
丛书名:
单 册:
中图分类: H349.9
科图分类:
主题词: 西班牙语--口语 , 西班牙语 , 口语
电子资源:
ISBN: 978-7-5603-4031-9
000 01017nam0 2200265 450
001 2334739746
005 20231226094432.83
010    @a978-7-5603-4031-9@d14.80CNY
100    @a20140423d2013 em y0chiy0120 ea
101 0  @achi@aspa
102    @aCN@b230000
105    @ay z 001yy
200 1  @a西班牙语口语速成班@Axi ban ya yu kou yu su cheng ban@b专著@f刘锐主编
210    @a哈尔滨@c哈尔滨工业大学出版社@d2013
215    @a159页@d21cm@e1光盘
300    @a“口语速成班”系列/宋健榕主编
307    @a附光盘:ISBN 978-7-88358-165-9 ISRC CN-D12-13-00005-0
330    @a本书内容主要分为两大部分:第一部分主要学习西班牙语的基础语音。第二部分中的每个小话题都精心安排了四段小对话,可以从不同的角度不同的角色去练习口语。章节的最后会将前文中重点学习的疑难词汇和短语一一列出,可以通过词汇表中单词原型和词形转变来加深印象。
606 0  @a西班牙语@x口语
606 0  @a西班牙语
606 0  @a口语
690    @aH349.9@v5
701  0 @a刘锐@Aliu rui@4主编
801  2 @aCN@b辽宁北配@c20231205
905    @aBZT@dH349.9@e4
    
    西班牙语口语速成班/刘锐主编.-哈尔滨:哈尔滨工业大学出版社,2013
    159页;21cm+1光盘
    “口语速成班”系列/宋健榕主编
    
    ISBN 978-7-5603-4031-9:14.80CNY
    本书内容主要分为两大部分:第一部分主要学习西班牙语的基础语音。第二部分中的每个小话题都精心安排了四段小对话,可以从不同的角度不同的角色去练习口语。章节的最后会将前文中重点学习的疑难词汇和短语一一列出,可以通过词汇表中单词原型和词形转变来加深印象。
●
相关链接 在五车中查询图书 在当当中查询图书 在豆瓣中查询图书


正题名:西班牙语口语速成班     索取号:H349.9/4         预约/预借

序号 登录号 条形码 馆藏地/架位号 状态 备注
1 2001702302   2001702302   辽三/辽宁北配(第三批)/3966/ [索取号:H349.9/4] 在馆    
2 2001702303   2001702303   辽三/辽宁北配(第三批)/3966/ [索取号:H349.9/4] 在馆    
3 2001702304   2001702304   辽三/辽宁北配(第三批)/3966/ [索取号:H349.9/4] 在馆    
4 2001702305   2001702305   辽三/辽宁北配(第三批)/3966/ [索取号:H349.9/4] 在馆    
5 2001702306   2001702306   辽三/辽宁北配(第三批)/3966/ [索取号:H349.9/4] 在馆    
6 2001702307   2001702307   辽三/辽宁北配(第三批)/3966/ [索取号:H349.9/4] 在馆    
7 2001702308   2001702308   辽三/辽宁北配(第三批)/3966/ [索取号:H349.9/4] 在馆    
8 2001702309   2001702309   辽三/辽宁北配(第三批)/3966/ [索取号:H349.9/4] 在馆    
9 2001702310   2001702310   辽三/辽宁北配(第三批)/3966/ [索取号:H349.9/4] 在馆    
10 2001702311   2001702311   辽三/辽宁北配(第三批)/3966/ [索取号:H349.9/4] 在馆    
11 2001702312   2001702312   辽三/辽宁北配(第三批)/3966/ [索取号:H349.9/4] 在馆    
12 2001702313   2001702313   辽三/辽宁北配(第三批)/3966/ [索取号:H349.9/4] 在馆    
13 2001702314   2001702314   辽三/辽宁北配(第三批)/3966/ [索取号:H349.9/4] 在馆    
14 2001702315   2001702315   辽三/辽宁北配(第三批)/3966/ [索取号:H349.9/4] 在馆    
15 2001702316   2001702316   辽三/辽宁北配(第三批)/3966/ [索取号:H349.9/4] 在馆    
16 2001702317   2001702317   辽三/辽宁北配(第三批)/3966/ [索取号:H349.9/4] 在馆    
17 2001702318   2001702318   辽三/辽宁北配(第三批)/3966/ [索取号:H349.9/4] 在馆    
18 2001702319   2001702319   辽三/辽宁北配(第三批)/3966/ [索取号:H349.9/4] 在馆    
19 2001702320   2001702320   辽三/辽宁北配(第三批)/3966/ [索取号:H349.9/4] 在馆    
20 2001702321   2001702321   辽三/辽宁北配(第三批)/3966/ [索取号:H349.9/4] 在馆    
21 2001702322   2001702322   辽三/辽宁北配(第三批)/3966/ [索取号:H349.9/4] 在馆    
22 2001702323   2001702323   辽三/辽宁北配(第三批)/3966/ [索取号:H349.9/4] 在馆    
23 2001702324   2001702324   辽三/辽宁北配(第三批)/3966/ [索取号:H349.9/4] 在馆    
24 2001702325   2001702325   辽三/辽宁北配(第三批)/3966/ [索取号:H349.9/4] 在馆    
25 2001702326   2001702326   辽三/辽宁北配(第三批)/3966/ [索取号:H349.9/4] 在馆    
26 2001702327   2001702327   辽三/辽宁北配(第三批)/3966/ [索取号:H349.9/4] 在馆    
27 2001702328   2001702328   辽三/辽宁北配(第三批)/3966/ [索取号:H349.9/4] 在馆    
28 2001702329   2001702329   辽三/辽宁北配(第三批)/3966/ [索取号:H349.9/4] 在馆    
29 2001702330   2001702330   辽三/辽宁北配(第三批)/3966/ [索取号:H349.9/4] 在馆    
30 2001702331   2001702331   辽三/辽宁北配(第三批)/3966/ [索取号:H349.9/4] 在馆    
山东省滨州职业学院图书馆 欢迎您!
大连网信软件有限公司© 版权所有